000 00411nam a2200181Ia 4500
001 1639
005 20260306143743.0
008 260306t2012||||xx |||||||||||||| ||spa||
041 _aESP
082 _a153.9
_bG25I
100 _aGardner, Howard
_eAUT
245 0 _aLa inteligencia reformulada
260 _c2012
300 _a348páginas :
_c
650 _aGEN
654 _aCPS
942 _cLIB
_dJUS
_fJUS
_2ddc
_n
999 _c1639
_d1639